[Event "3rd FIDE Grand Prix Series 2014/15"]
[Site "Tbilisi GEO"]
[Date "2015.02.16"]
[Round "2"]
[White "Grischuk, A."]
[Black "Andreikin, D."]
[Result "1/2-1/2"]
[WhiteElo "2810"]
[BlackElo "2737"]
[PlyCount "117"]
[EventDate "2015.02.14"]

1. d4 Nf6 2. c4 e6 3. Nc3 d5 4. cxd5 exd5 5. Bg5 c6 6. e3 Bf5 7. Bd3 Bxd3 8.
Qxd3 Na6 9. Nge2 Nc7 10. O-O Be7 11. f3 Ne6 12. Bh4 Qd7 13. Rad1 Rd8 14. Kh1 h6
15. b3 O-O 16. e4 Nh5 17. Bxe7 Qxe7 18. Qe3 dxe4 19. fxe4 Qg5 20. Qf3 Nf6 21.
h3 Qg6 22. Qe3 Rfe8 23. b4 Nc7 24. Nf4 Qh7 25. e5 Nfd5 26. Ncxd5 Nxd5 27. Nxd5
Rxd5 28. Rf4 Qc2 29. Rdf1 Rd7 30. a3 Qc4 31. R1f3 Red8 32. Qf2 Re8 33. Kh2 b6
34. Rg4 Re6 35. Qg3 g6 36. Qf2 c5 37. Rgf4 Ree7 38. dxc5 Qe6 39. cxb6 Qxb6 40.
Qxb6 axb6 41. Rf6 b5 42. Re3 Kg7 43. Ra6 Rd5 44. Ra5 Rb7 45. e6 Re7 46. a4 fxe6
47. Rxb5 Rxb5 48. axb5 Kf6 49. Rf3+ Ke5 50. Rc3 Rb7 51. Rc5+ Kd4 52. Kg3 e5 53.
Kf2 h5 54. h4 Rf7+ 55. Ke2 Rb7 56. Kf2 Rf7+ 57. Ke2 Rb7 58. Kd2 Rb8 59. Ke2
1/2-1/2

[Event "3rd FIDE Grand Prix Series 2014/15"]
[Site "Tbilisi GEO"]
[Date "2015.02.16"]
[Round "2"]
[White "Radjabov, T."]
[Black "Jobava, Ba"]
[Result "1/2-1/2"]
[WhiteElo "2731"]
[BlackElo "2696"]
[PlyCount "95"]
[EventDate "2015.02.14"]

1. Nf3 Nf6 2. c4 e6 3. g3 b6 4. Bg2 Bb7 5. O-O Be7 6. Nc3 O-O 7. d4 Ne4 8. Bd2
Nxd2 9. Qxd2 d6 10. d5 e5 11. e4 Nd7 12. b4 g6 13. Bh3 a5 14. a3 Nf6 15. Qe2
Ne8 16. Nd2 Ng7 17. bxa5 Rxa5 18. a4 f5 19. Nb3 Ra6 20. a5 Bc8 21. axb6 Rxb6
22. Na5 f4 23. Nc6 Rxc6 24. Ra8 Bg4 25. Rxd8 Bxe2 26. Rxf8+ Kxf8 27. dxc6 Bxf1
28. Kxf1 fxg3 29. fxg3 Ke8 30. Ke2 Kd8 31. Kf3 Bg5 32. Bg4 Ne8 33. h4 Bc1 34.
Nd5 Ng7 35. Bd7 g5 36. Nf6 gxh4 37. gxh4 h6 38. Kg4 Be3 39. Bf5 Bf2 40. Nd5 Be1
41. Nf6 Bf2 42. h5 Be3 43. Bd7 Bg5 44. Nd5 Bd2 45. Bf5 Bg5 46. Bd7 Bd2 47. Bf5
Bg5 48. Bd7 1/2-1/2

[Event "3rd FIDE Grand Prix Series 2014/15"]
[Site "Tbilisi GEO"]
[Date "2015.02.16"]
[Round "2"]
[White "Jakovenko, D."]
[Black "Tomashevsky, E."]
[Result "1/2-1/2"]
[WhiteElo "2733"]
[BlackElo "2716"]
[PlyCount "67"]
[EventDate "2015.02.14"]

1. Nf3 d5 2. d4 c6 3. c4 e6 4. b3 Bd6 5. g3 f5 6. Bg2 Nf6 7. O-O O-O 8. Ba3 b6
9. Qc1 Bb7 10. Nc3 Ne4 11. Bxd6 Qxd6 12. Qb2 Nd7 13. Rfd1 Rad8 14. b4 Ba6 15.
c5 Qe7 16. e3 Bc4 17. cxb6 axb6 18. a4 Ra8 19. Nd2 Nxd2 20. Rxd2 Nf6 21. Rc2
Ra7 22. Bf1 Bxf1 23. Kxf1 Rc8 24. Qb3 h6 25. a5 bxa5 26. bxa5 Rca8 27. Rca2 Ra6
28. Kg2 Kh7 29. Ra4 R8a7 30. Qb8 Nd7 31. Qc8 Ra8 32. Qc7 R8a7 33. Qc8 Ra8 34.
Qc7 1/2-1/2

[Event "Zurich Chess Challenge 2015"]
[Site "Zurich SUI"]
[Date "2015.02.16"]
[Round "3"]
[White "Aronian, L."]
[Black "Kramnik, V."]
[Result "1/2-1/2"]
[WhiteElo "2777"]
[BlackElo "2783"]
[PlyCount "122"]
[EventDate "2015.02.14"]

1. c4 e6 2. g3 d5 3. Bg2 Nf6 4. Nf3 Be7 5. O-O O-O 6. d4 dxc4 7. Qc2 a6 8. a4
Bd7 9. Qxc4 Bc6 10. Bg5 a5 11. Nc3 Na6 12. Bxf6 Bxf6 13. e4 Nb4 14. Rfd1 g6 15.
h4 Bg7 16. Rd2 Rc8 17. Rad1 Qe7 18. d5 Bd7 19. Bh3 exd5 20. Nxd5 Nxd5 21. Bxd7
Nb6 22. Qc2 Rcd8 23. Qxc7 Nxa4 24. e5 Nc5 25. Rd5 b6 26. Qc6 Rxd7 27. Rxd7 Nxd7
28. Rxd7 Qe8 29. Qd5 h6 30. Rb7 Qd8 31. Qb5 g5 32. hxg5 hxg5 33. Rxb6 g4 34.
Nh4 Qd1+ 35. Kg2 Qd4 36. Qc6 Qxe5 37. Qc4 Qd4 38. Qxd4 Bxd4 39. Rb5 Ra8 40. Nf5
Bg7 41. Ne3 a4 42. Nxg4 Rd8 43. Ra5 Rd4 44. Ne3 Rd2 45. Nf1 Rd4 46. Rb5 Bf8 47.
Ne3 Rb4 48. Rg5+ Kh7 49. Rh5+ Kg8 50. Ra5 Rxb2 51. Rxa4 Bc5 52. Nd1 Rd2 53. Ra1
Kg7 54. Kf1 Kg6 55. Rb1 f5 56. Ke1 Rc2 57. Rb8 Kf6 58. Rh8 Bb4+ 59. Kf1 Rd2 60.
Ne3 Bc5 61. Rh6+ Kg5 1/2-1/2

[Event "Zurich Chess Challenge 2015"]
[Site "Zurich SUI"]
[Date "2015.02.16"]
[Round "3"]
[White "Caruana, F."]
[Black "Anand, V."]
[Result "1/2-1/2"]
[WhiteElo "2811"]
[BlackElo "2797"]
[PlyCount "90"]
[EventDate "2015.02.14"]

1. Nf3 d5 2. g3 g6 3. Bg2 Bg7 4. d4 c6 5. c4 dxc4 6. Na3 b5 7. Nxb5 cxb5 8. Nh4
Bd7 9. Bxa8 Nc6 10. Bxc6 Bxc6 11. O-O Qd5 12. f3 Qxd4+ 13. Kh1 Qxd1 14. Rxd1 e6
15. Rb1 Nf6 16. Be3 O-O 17. Ng2 Nd5 18. Bd4 e5 19. Bxa7 c3 20. Ne1 e4 21. Bd4
exf3 22. exf3 Re8 23. Bxg7 Kxg7 24. Nc2 Ne3 25. Re1 Nxc2 26. Rxe8 Bxe8 27. bxc3
Na3 28. Rd1 Nc4 29. Kg1 Kf6 30. Rd4 h5 31. Kf2 Ne5 32. h3 g5 33. f4 gxf4 34.
gxf4 Ng6 35. c4 bxc4 36. Rxc4 Bd7 37. a4 Bxh3 38. a5 Be6 39. Rd4 Ne7 40. a6 Nc8
41. Kg3 Bg4 42. Rc4 Kg6 43. Rc7 f6 44. a7 Nxa7 45. Rxa7 Bf5 1/2-1/2

[Event "3rd FIDE Grand Prix Series 2014/15"]
[Site "Tbilisi GEO"]
[Date "2015.02.17"]
[Round "3"]
[White "Andreikin, D."]
[Black "Mamedyarov, S."]
[Result "0-1"]
[WhiteElo "2737"]
[BlackElo "2759"]
[PlyCount "113"]
[EventDate "2015.02.14"]

1. d4 d5 2. Nf3 Nf6 3. c4 c6 4. cxd5 cxd5 5. Nc3 Nc6 6. Bf4 a6 7. Ne5 e6 8.
Nxc6 bxc6 9. e3 Bd6 10. Qd2 c5 11. dxc5 Bxc5 12. Rc1 O-O 13. Be2 Bd7 14. O-O
Qb6 15. Be5 Rfc8 16. Bxf6 gxf6 17. e4 d4 18. e5 Be7 19. Bd3 f5 20. Ne2 Kh8 21.
Bc4 Bc6 22. Qxd4 Qb7 23. g3 Bg5 24. Nf4 Be4 25. Qe3 Qxb2 26. Ng6+ hxg6 27. Qxg5
Qxe5 28. Bxa6 Rxc1 29. Qh6+ Kg8 30. Rxc1 Bd5 31. Bc4 Bb7 32. Qe3 Qxe3 33. fxe3
Rc8 34. Rb1 Rxc4 35. Rxb7 Rc1+ 36. Kg2 Rc2+ 37. Kf3 Rxh2 38. a4 Ra2 39. Ra7 Ra3
40. a5 Kg7 41. a6 Kf6 42. Ke2 e5 43. Kd2 e4 44. Kc2 Rxe3 45. Kb2 Rd3 46. Rb7
Rd6 47. a7 Ra6 48. Kc3 Kg5 49. Rxf7 Kg4 50. Rg7 Kf3 51. Rxg6 Rxa7 52. Rg5 Rf7
53. Kd2 Kf2 54. Rh5 e3+ 55. Kd3 e2 56. Rh2+ Kf3 57. Kd4 0-1

[Event "3rd FIDE Grand Prix Series 2014/15"]
[Site "Tbilisi GEO"]
[Date "2015.02.17"]
[Round "3"]
[White "Kasimdzhanov, R."]
[Black "Giri, A."]
[Result "1/2-1/2"]
[WhiteElo "2705"]
[BlackElo "2797"]
[PlyCount "39"]
[EventDate "2015.02.14"]

1. d4 Nf6 2. c4 g6 3. Nc3 d5 4. cxd5 Nxd5 5. Bd2 Bg7 6. e4 Nb6 7. Be3 O-O 8. h3
e5 9. Nf3 exd4 10. Bxd4 Nc6 11. Bxg7 Qxd1+ 12. Rxd1 Kxg7 13. Bb5 Nb4 14. a3 a6
15. axb4 axb5 16. Nxb5 Ra4 17. Rd4 Ra1+ 18. Rd1 Ra4 19. Rd4 Ra1+ 20. Rd1
1/2-1/2

[Event "3rd FIDE Grand Prix Series 2014/15"]
[Site "Tbilisi GEO"]
[Date "2015.02.17"]
[Round "3"]
[White "Vachier Lagrave, M."]
[Black "Dominguez Perez, L."]
[Result "1/2-1/2"]
[WhiteElo "2775"]
[BlackElo "2726"]
[PlyCount "79"]
[EventDate "2015.02.14"]

1. e4 e5 2. Nf3 Nc6 3. Bb5 a6 4. Ba4 Nf6 5. O-O Be7 6. Re1 b5 7. Bb3 d6 8. c3
O-O 9. h3 Nb8 10. d4 Nbd7 11. Nbd2 Bb7 12. Bc2 Re8 13. Nf1 Bf8 14. Ng3 g6 15.
a4 c5 16. d5 c4 17. Bg5 Rb8 18. Qd2 Nc5 19. axb5 axb5 20. Nh2 Bc8 21. Rf1 Bg7
22. f4 h6 23. fxe5 Nfxe4 24. Bxe4 Qxg5 25. Qxg5 hxg5 26. e6 fxe6 27. Bxg6 Re7
28. Rae1 Rbb7 29. Ne4 Nxe4 30. Bxe4 Ra7 31. Nf3 Bf6 32. dxe6 Bxe6 33. Rd1 Ra2
34. Rf2 g4 35. hxg4 Bxg4 36. Bc6 Kg7 37. Bxb5 Rb7 38. Bxc4 Raxb2 39. Rxb2 Rxb2
40. Rxd6 1/2-1/2

[Event "3rd FIDE Grand Prix Series 2014/15"]
[Site "Tbilisi GEO"]
[Date "2015.02.17"]
[Round "3"]
[White "Jobava, Ba"]
[Black "Jakovenko, D."]
[Result "0-1"]
[WhiteElo "2696"]
[BlackElo "2733"]
[PlyCount "44"]
[EventDate "2015.02.14"]

1. d4 d5 2. c4 c6 3. Nc3 Nf6 4. Nf3 dxc4 5. a4 e6 6. e3 c5 7. Bxc4 cxd4 8. exd4
Be7 9. O-O Nc6 10. Re1 O-O 11. h4 Bd7 12. h5 h6 13. Ne5 Be8 14. Be3 Qa5 15. Qf3
Rd8 16. Qg3 Nxd4 17. Bd3 Nc6 18. Bxh6 Nxh5 19. Qh2 Rxd3 20. Qxh5 Bf6 21. f4
Nxe5 22. fxe5 gxh6 0-1

[Event "3rd FIDE Grand Prix Series 2014/15"]
[Site "Tbilisi GEO"]
[Date "2015.02.17"]
[Round "3"]
[White "Svidler, P."]
[Black "Radjabov, T."]
[Result "1/2-1/2"]
[WhiteElo "2739"]
[BlackElo "2731"]
[PlyCount "60"]
[EventDate "2015.02.14"]

1. c4 Nf6 2. Nc3 e6 3. Nf3 d5 4. d4 Bb4 5. Bg5 h6 6. Bxf6 Qxf6 7. e3 c5 8. Rc1
dxc4 9. Bxc4 O-O 10. O-O cxd4 11. Nxd4 Qe7 12. a3 Ba5 13. b4 Bb6 14. Na4 Bd7
15. Nxb6 axb6 16. Qb3 Nc6 17. Nf3 Rfc8 18. Rfd1 Be8 19. Be2 Na7 20. Nd2 Rxc1
21. Rxc1 Rc8 22. Rxc8 Nxc8 23. Qc3 Nd6 24. Nc4 Nxc4 25. Qxc4 Bc6 26. Qd4 b5 27.
f3 Qd7 28. Qxd7 Bxd7 29. f4 f6 30. Kf2 Kf7 1/2-1/2

[Event "Zurich Chess Challenge 2015"]
[Site "Zurich SUI"]
[Date "2015.02.17"]
[Round "4"]
[White "Kramnik, V."]
[Black "Karjakin, Sergey"]
[Result "1/2-1/2"]
[WhiteElo "2783"]
[BlackElo "2760"]
[PlyCount "86"]
[EventDate "2015.02.14"]

1. Nf3 Nf6 2. g3 c5 3. Bg2 Nc6 4. O-O e5 5. e4 Be7 6. Nc3 d6 7. d3 O-O 8. h3
Bd7 9. Nd2 Nd4 10. a4 Nc6 11. Nc4 Nb4 12. f4 exf4 13. Bxf4 Be6 14. Ne3 d5 15.
Nf5 Bxf5 16. exf5 Bd6 17. Ne2 h6 18. c3 Nc6 19. g4 Re8 20. Qd2 Bxf4 21. Nxf4 d4
22. Qf2 Qd6 23. Rae1 Rad8 24. c4 b6 25. Bxc6 Qxc6 26. b3 a6 27. Qg3 Rxe1 28.
Rxe1 Re8 29. Rxe8+ Qxe8 30. Kf2 b5 31. axb5 axb5 32. Qf3 bxc4 33. bxc4 Qe5 34.
Qg3 Qb8 35. Ne2 Qb1 36. Qf3 Kh7 37. h4 h5 38. gxh5 Qc2 39. Ke1 Qb1+ 40. Kf2 Qb2
41. Kg3 Kh6 42. Qf4+ Kh7 43. Qf3 Kh6 1/2-1/2

[Event "Zurich Chess Challenge 2015"]
[Site "Zurich SUI"]
[Date "2015.02.17"]
[Round "4"]
[White "Aronian, L."]
[Black "Caruana, F."]
[Result "1/2-1/2"]
[WhiteElo "2777"]
[BlackElo "2811"]
[PlyCount "69"]
[EventDate "2015.02.14"]

1. d4 Nf6 2. c4 e6 3. Nf3 d5 4. Nc3 Be7 5. Bg5 h6 6. Bh4 O-O 7. e3 Ne4 8. Bxe7
Qxe7 9. Rc1 c6 10. Be2 Nd7 11. O-O Nxc3 12. Rxc3 dxc4 13. Rxc4 e5 14. Qc2 a5
15. Rc1 Re8 16. a3 Nb6 17. Rc5 Nd7 18. Rc3 exd4 19. Nxd4 Nf6 20. Rc4 Bd7 21.
Bf3 Red8 22. Qb3 Be8 23. Nf5 Qe6 24. Nd4 Qe7 25. Qc3 Nd7 26. Be2 g6 27. Qb3
Rab8 28. Nf3 Ne5 29. Nxe5 Qxe5 30. Qc2 b6 31. b4 axb4 32. axb4 Rd6 33. h3 Rbd8
34. Qc3 Qxc3 35. R4xc3 1/2-1/2

[Event "3rd FIDE Grand Prix Series 2014/15"]
[Site "Tbilisi GEO"]
[Date "2015.02.18"]
[Round "4"]
[White "Radjabov, T."]
[Black "Jakovenko, D."]
[Result "1/2-1/2"]
[WhiteElo "2731"]
[BlackElo "2733"]
[PlyCount "157"]
[EventDate "2015.02.14"]

1. d4 Nf6 2. c4 e6 3. Nf3 b6 4. Nc3 Bb7 5. e3 Bb4 6. Bd3 O-O 7. O-O d5 8. cxd5
exd5 9. a3 Bd6 10. b4 a6 11. Qb3 Qe7 12. Re1 Nbd7 13. Ra2 h6 14. Nh4 Rfb8 15.
Nf5 Qe6 16. Nxd6 Qxd6 17. b5 Qe6 18. a4 axb5 19. axb5 Ne4 20. Ba3 Ra7 21. Bb4
Rxa2 22. Nxa2 Nec5 23. dxc5 bxc5 24. Qc3 cxb4 25. Nxb4 Rc8 26. Rc1 Ne5 27. Qd4
c6 28. Bf1 cxb5 29. Rxc8+ Bxc8 30. Nxd5 Bd7 31. Nc7 Qe7 32. Nxb5 Nf3+ 33. gxf3
Qg5+ 34. Kh1 Bxb5 35. Bxb5 Qxb5 36. Kg2 g6 37. f4 Qc6+ 38. e4 Qc1 39. Qe5 Qd1
40. h3 Qd2 41. f5 Qg5+ 42. Qg3 Qf6 43. h4 Qd4 44. Qg4 h5 45. Qf4 Kg7 46. fxg6
fxg6 47. Qc7+ Kf8 48. Qc6 Kg7 49. Qe6 Qd8 50. Qe5+ Kh7 51. Qg5 Qd4 52. Qe7+ Kg8
53. Qe6+ Kg7 54. Qd5 Qf6 55. Qg5 Qd4 56. Qf4 Kg8 57. Kg3 Qc3+ 58. Qe3 Qe5+ 59.
f4 Qd6 60. e5 Qd1 61. Kf2 Qc2+ 62. Qe2 Qc5+ 63. Kf3 Qd5+ 64. Ke3 Qc5+ 65. Ke4
Qb4+ 66. Kf3 Qc3+ 67. Kg2 Qd4 68. Qc2 Kg7 69. Kf3 Qd8 70. f5 gxf5 71. Qxf5 Qxh4
72. Qd7+ Kf8 73. e6 Qg4+ 74. Ke3 Qg3+ 75. Ke4 Qg4+ 76. Ke5 Qg5+ 77. Ke4 Qg4+
78. Ke5 Qg5+ 79. Ke4 1/2-1/2

[Event "3rd FIDE Grand Prix Series 2014/15"]
[Site "Tbilisi GEO"]
[Date "2015.02.18"]
[Round "4"]
[White "Grischuk, A."]
[Black "Jobava, Ba"]
[Result "1-0"]
[WhiteElo "2810"]
[BlackElo "2696"]
[PlyCount "80"]
[EventDate "2015.02.14"]

1. e4 c6 2. d4 d5 3. e5 Bf5 4. Nf3 e6 5. Be2 Nd7 6. O-O Bg6 7. Nbd2 Nh6 8. Nb3
Nf5 9. a4 Rc8 10. a5 Bh5 11. h3 Bxf3 12. Bxf3 g6 13. Re1 h5 14. Qd3 Bh6 15.
Bxh6 Rxh6 16. c4 dxc4 17. Qxc4 Kf8 18. Rac1 Ne7 19. Qc3 Kg7 20. Nd2 Rh8 21. Nc4
Rb8 22. Be4 a6 23. Red1 Nc8 24. d5 cxd5 25. Bxd5 b5 26. Bc6 bxc4 27. Rxd7 Qg5
28. Bb7 Ne7 29. Qe3 Qxe3 30. fxe3 Nf5 31. Rxc4 Nxe3 32. Rc6 Rhd8 33. Rxd8 Rxd8
34. Rxa6 Rd1+ 35. Kf2 Nc4 36. b3 Nxe5 37. Rb6 Ra1 38. a6 Kf6 39. Rb5 Ra3 40.
Ke2 h4 1-0

[Event "3rd FIDE Grand Prix Series 2014/15"]
[Site "Tbilisi GEO"]
[Date "2015.02.18"]
[Round "4"]
[White "Mamedyarov, S."]
[Black "Tomashevsky, E."]
[Result "0-1"]
[WhiteElo "2759"]
[BlackElo "2716"]
[PlyCount "85"]
[EventDate "2015.02.14"]

1. d4 d5 2. c4 c6 3. Nf3 Nf6 4. Nc3 a6 5. e3 Bf5 6. Be2 h6 7. Bd3 Bxd3 8. Qxd3
e6 9. O-O Bb4 10. Bd2 O-O 11. b3 a5 12. a3 Bxc3 13. Bxc3 Ne4 14. Bb2 Re8 15.
Ne5 Nd7 16. Nxd7 Qxd7 17. f3 Ng5 18. a4 f6 19. Bc3 Nf7 20. Rad1 b5 21. axb5
cxb5 22. c5 b4 23. Be1 Nd8 24. Bg3 Nc6 25. Bd6 a4 26. bxa4 Rxa4 27. e4 Ra3 28.
Qb5 Rea8 29. Rfe1 R8a7 30. f4 f5 31. exf5 exf5 32. h3 Kh7 33. Kh2 Rb7 34. Qe2
Qf7 35. Rd3 Qg6 36. Red1 Rba7 37. Be5 Na5 38. Qe1 Qa6 39. Rxa3 bxa3 40. Bd6 Qc8
41. Rb1 a2 42. Rb8 Qd7 43. Qa1 0-1

[Event "3rd FIDE Grand Prix Series 2014/15"]
[Site "Tbilisi GEO"]
[Date "2015.02.18"]
[Round "4"]
[White "Svidler, P."]
[Black "Vachier Lagrave, M."]
[Result "1/2-1/2"]
[WhiteElo "2739"]
[BlackElo "2775"]
[PlyCount "74"]
[EventDate "2015.02.14"]

1. d4 Nf6 2. c4 g6 3. Nc3 d5 4. Nf3 Bg7 5. cxd5 Nxd5 6. e4 Nxc3 7. bxc3 c5 8.
h3 O-O 9. Be2 Nc6 10. Be3 cxd4 11. cxd4 f5 12. Bc4+ Kh8 13. O-O fxe4 14. Ng5
Nxd4 15. Nf7+ Rxf7 16. Bxf7 Qd6 17. Qd2 Bd7 18. Rab1 Bc6 19. Bc4 Rd8 20. Rfc1
Qc7 21. Qe1 Qe5 22. Rd1 Qc5 23. Bf1 Bf6 24. Kh1 Rd7 25. Rbc1 Qa3 26. Bh6 e5 27.
Be3 Kg7 28. Bc4 h5 29. Bb3 Qe7 30. Qc3 Qd8 31. Qc5 a5 32. Bc4 g5 33. Bf1 g4 34.
h4 Rd5 35. Qa7 Rd7 36. Qc5 Rd5 37. Qa7 Rd7 1/2-1/2

[Event "3rd FIDE Grand Prix Series 2014/15"]
[Site "Tbilisi GEO"]
[Date "2015.02.18"]
[Round "4"]
[White "Dominguez Perez, L."]
[Black "Kasimdzhanov, R."]
[Result "1/2-1/2"]
[WhiteElo "2726"]
[BlackElo "2705"]
[PlyCount "61"]
[EventDate "2015.02.14"]

1. e4 e6 2. d4 d5 3. Nd2 dxe4 4. Nxe4 Nd7 5. g3 Be7 6. Bg2 Ngf6 7. Nxf6+ Bxf6
8. Nf3 O-O 9. O-O e5 10. Be3 exd4 11. Bxd4 c5 12. Bxf6 Nxf6 13. Qxd8 Rxd8 14.
Ne5 Rb8 15. Rad1 Be6 16. b3 Nd7 17. Nxd7 Rxd7 18. Rxd7 Bxd7 19. Rd1 Be8 20. f4
Kf8 21. Kf2 b6 22. Ke3 Ke7 23. c3 Rd8 24. Rxd8 Kxd8 25. b4 cxb4 26. cxb4 Ke7
27. Kd4 Kd6 28. a3 f6 29. h4 h6 30. Be4 Bd7 31. Bd3 1/2-1/2

[Event "3rd FIDE Grand Prix Series 2014/15"]
[Site "Tbilisi GEO"]
[Date "2015.02.18"]
[Round "4"]
[White "Giri, A."]
[Black "Andreikin, D."]
[Result "1/2-1/2"]
[WhiteElo "2797"]
[BlackElo "2737"]
[PlyCount "61"]
[EventDate "2015.02.14"]

1. e4 e5 2. Nf3 Nc6 3. Bb5 Nf6 4. d3 Bc5 5. Nbd2 d6 6. c3 O-O 7. h3 Ne7 8. O-O
Ng6 9. Ba4 c6 10. Re1 Bb6 11. Bc2 Re8 12. d4 Bc7 13. Nf1 d5 14. Bg5 dxe4 15.
Rxe4 Bf5 16. Re3 Bxc2 17. Qxc2 h6 18. Bxf6 Qxf6 19. Rae1 Re7 20. Ng3 Rae8 21.
Qf5 Qxf5 22. Nxf5 Re6 23. dxe5 Bxe5 24. N5h4 Nxh4 25. Nxh4 g6 26. Nf3 f6 27.
Nh4 Kf7 28. Kf1 f5 29. Nxg6 Kxg6 30. f4 Kf6 31. fxe5+ 1/2-1/2

[Event "Zurich Chess Challenge 2015"]
[Site "Zurich SUI"]
[Date "2015.02.18"]
[Round "5"]
[White "Caruana, F."]
[Black "Kramnik, V."]
[Result "1/2-1/2"]
[WhiteElo "2811"]
[BlackElo "2783"]
[PlyCount "56"]
[EventDate "2015.02.14"]

1. e4 e5 2. Nf3 Nc6 3. Bc4 Bc5 4. c3 Nf6 5. d3 d6 6. Nbd2 a6 7. Bb3 Be6 8. Bxe6
fxe6 9. O-O O-O 10. b4 Ba7 11. a4 Nh5 12. Nb3 Qe8 13. Qe2 Nf4 14. Bxf4 Rxf4 15.
b5 Ne7 16. d4 exd4 17. Nbxd4 Ng6 18. bxa6 bxa6 19. Qc4 Rxe4 20. Qxc7 Qc8 21.
Qxd6 Bc5 22. Qc6 Qxc6 23. Nxc6 Rc4 24. Ncd4 Nf4 25. g3 Bxd4 26. Nxd4 e5 27.
gxf4 exd4 28. cxd4 Rxd4 1/2-1/2

[Event "Zurich Chess Challenge 2015"]
[Site "Zurich SUI"]
[Date "2015.02.18"]
[Round "5"]
[White "Karjakin, Sergey"]
[Black "Anand, V."]
[Result "1/2-1/2"]
[WhiteElo "2760"]
[BlackElo "2797"]
[PlyCount "83"]
[EventDate "2015.02.14"]

1. c4 Nf6 2. Nc3 e5 3. g3 Bb4 4. Nf3 e4 5. Nd4 O-O 6. Bg2 Re8 7. O-O Nc6 8. Nc2
Bxc3 9. dxc3 h6 10. c5 b6 11. cxb6 axb6 12. b3 d5 13. Bb2 Be6 14. Qc1 Na5 15.
c4 dxc4 16. Rd1 Qe7 17. b4 Nc6 18. b5 Na5 19. Ba3 c5 20. bxc6 Qc7 21. Nd4 Nxc6
22. Nb5 Qe5 23. Rb1 Red8 24. Rxd8+ Rxd8 25. Bb2 Qg5 26. Qxg5 hxg5 27. Bxf6 gxf6
28. Bxe4 Ne7 29. Kf1 f5 30. Bc2 Kg7 31. Nc3 Rh8 32. Kg1 Rd8 33. Kf1 Nd5 34. Rd1
Kf6 35. Ke1 Rd7 36. Nxd5+ Rxd5 37. Rxd5 Bxd5 38. Kd2 c3+ 39. Kxc3 Bxa2 40. Kb4
Ke5 41. Kb5 f4 42. Kxb6 1/2-1/2

[Event "Zurich Chess Challenge (rapid) 2015"]
[Site "Zurich SUI"]
[Date "2015.02.19"]
[Round "1"]
[White "Kramnik, V."]
[Black "Anand, V."]
[Result "1/2-1/2"]
[WhiteElo "2783"]
[BlackElo "2797"]
[PlyCount "51"]
[EventDate "2015.02.19"]

1. Nf3 d5 2. g3 g6 3. Bg2 Bg7 4. O-O e5 5. d3 Ne7 6. e4 O-O 7. Nbd2 Nbc6 8. c3
a5 9. Re1 h6 10. exd5 Nxd5 11. Nc4 Re8 12. a4 Bf5 13. Nh4 Be6 14. Nf3 Bf5 15.
h3 Nb6 16. Nxb6 cxb6 17. Be3 Bxd3 18. Bxb6 Qxb6 19. Qxd3 Qxb2 20. Rab1 e4 21.
Rxe4 Qxc3 22. Rxe8+ Rxe8 23. Qxc3 Bxc3 24. Rxb7 Ne5 25. Nxe5 Rxe5 26. Bf1
1/2-1/2

[Event "Zurich Chess Challenge (rapid) 2015"]
[Site "Zurich SUI"]
[Date "2015.02.19"]
[Round "1"]
[White "Karjakin, Sergey"]
[Black "Aronian, L."]
[Result "0-1"]
[WhiteElo "2760"]
[BlackElo "2777"]
[PlyCount "132"]
[EventDate "2015.02.19"]

1. Nf3 d5 2. g3 Nf6 3. Bg2 e6 4. O-O Be7 5. d3 O-O 6. Nbd2 Nc6 7. e4 dxe4 8.
dxe4 e5 9. c3 a5 10. Qc2 Be6 11. Ng5 Bd7 12. Rd1 Ng4 13. Ngf3 Bc5 14. Rf1 Qc8
15. a4 h6 16. Nc4 Be6 17. Qe2 b6 18. b3 Re8 19. Nh4 Nf6 20. Kh1 Qa6 21. Nf5
Bxf5 22. exf5 e4 23. f3 e3 24. f4 Ne7 25. Bxa8 Qxa8+ 26. Qg2 Ned5 27. Ne5 Nxc3
28. Qxa8 Rxa8 29. Re1 e2 30. Bb2 Nfe4 31. Kg2 Rd8 32. Rac1 Bb4 33. Bxc3 Nxc3
34. Rc2 Rd5 35. Nf3 Rd3 36. Ne5 Rd5 37. Kf3 b5 38. axb5 Rxb5 39. Kg2 Rd5 40.
Kf3 Rb5 41. Kg4 Rd5 42. h4 Kf8 43. h5 f6 44. Nf3 Rd3 45. Ng1 c5 46. Kh4 Nd5 47.
Rexe2 Ne3 48. Rb2 Nxf5+ 49. Kg4 Nxg3 50. Re6 f5+ 51. Kh4 Ne4 52. Re2 Bc3 53.
Nh3 Bf6+ 54. Rxf6+ Nxf6 55. Re5 Nd7 56. Re6 Rxb3 57. Ra6 Rb5 58. Nf2 Rb4 59.
Nd3 Rd4 60. Rxa5 Ke7 61. Ra6 c4 62. Nb4 Rxf4+ 63. Kg3 Rg4+ 64. Kf2 Nf6 65. Nc6+
Kd6 66. Nd4+ Kd5 0-1

[Event "Zurich Chess Challenge (rapid) 2015"]
[Site "Zurich SUI"]
[Date "2015.02.19"]
[Round "2"]
[White "Caruana, F."]
[Black "Karjakin, Sergey"]
[Result "1-0"]
[WhiteElo "2811"]
[BlackElo "2760"]
[PlyCount "77"]
[EventDate "2015.02.19"]

1. e4 c5 2. Nf3 d6 3. d4 cxd4 4. Nxd4 Nf6 5. Nc3 a6 6. h3 Nc6 7. g4 Qb6 8. Nb3
e6 9. Be3 Qc7 10. f4 b5 11. Bg2 Bb7 12. g5 Nd7 13. O-O Nb6 14. Nd2 Be7 15. Qe1
g6 16. Qf2 Nd7 17. a4 b4 18. Ne2 O-O 19. h4 a5 20. c4 bxc3 21. Nxc3 Rac8 22.
Nb3 Qb8 23. Nb5 Ba6 24. Qe2 Nc5 25. Nxc5 dxc5 26. f5 Nd4 27. Bxd4 cxd4 28. fxe6
fxe6 29. e5 Rc5 30. Rae1 Bxb5 31. axb5 Rxb5 32. Rxf8+ Bxf8 33. Qc4 Rxe5 34. Rf1
Bc5 35. Kh1 Qb4 36. Qa6 d3 37. Qc8+ Kg7 38. Qc7+ Kg8 39. Qf7+ 1-0

[Event "Zurich Chess Challenge (rapid) 2015"]
[Site "Zurich SUI"]
[Date "2015.02.19"]
[Round "2"]
[White "Aronian, L."]
[Black "Anand, V."]
[Result "1-0"]
[WhiteElo "2777"]
[BlackElo "2797"]
[PlyCount "65"]
[EventDate "2015.02.19"]

1. d4 d5 2. c4 c6 3. Nc3 Nf6 4. e3 e6 5. Nf3 Nbd7 6. Bd3 dxc4 7. Bxc4 b5 8. Bd3
Bb7 9. O-O a6 10. e4 c5 11. d5 c4 12. Bc2 Qc7 13. dxe6 fxe6 14. Ne2 Bd6 15.
Ned4 Nc5 16. b4 cxb3 17. axb3 e5 18. Nf5 Ncxe4 19. Bxe4 Nxe4 20. Ng5 Bc5 21.
Ne6 Qc6 22. Nxc5 Nxc5 23. Nd6+ Ke7 24. Bg5+ Ke6 25. Nxb7 Qxb7 26. b4 h6 27. Bh4
Ne4 28. Qg4+ Kf7 29. Rad1 Ra7 30. Qf5+ Nf6 31. Bxf6 gxf6 32. Rd6 Qe7 33. Rfd1
1-0

[Event "Zurich Chess Challenge (rapid) 2015"]
[Site "Zurich SUI"]
[Date "2015.02.19"]
[Round "3"]
[White "Kramnik, V."]
[Black "Aronian, L."]
[Result "1-0"]
[WhiteElo "2783"]
[BlackElo "2777"]
[PlyCount "137"]
[EventDate "2015.02.19"]

1. d4 Nf6 2. c4 e6 3. Nf3 d5 4. Nc3 Bb4 5. Bg5 h6 6. Bxf6 Qxf6 7. Qa4+ Nc6 8.
e3 O-O 9. Rc1 Qg6 10. Qc2 Qxc2 11. Rxc2 Rd8 12. a3 Bf8 13. Nb5 Rd7 14. Bd3 a6
15. Nc3 Ne7 16. Ke2 Rd8 17. b4 Bd7 18. Rb1 Be8 19. cxd5 exd5 20. a4 Nc6 21. Na2
Bd6 22. b5 axb5 23. Bxb5 Bd7 24. Ne1 Bf5 25. Bd3 Bg4+ 26. Kf1 Bc8 27. Bb5 Nb8
28. Nc3 c6 29. Bd3 g6 30. h3 h5 31. f4 Nd7 32. Nf3 Nf6 33. Ne5 Bc7 34. Rcb2 Ra7
35. Kf2 Kg7 36. Rb3 Re8 37. R3b2 Re7 38. Kf3 Ba5 39. Ne2 Bd8 40. Nc3 h4 41. Kf2
Nh5 42. Bc2 Ng3 43. Ne2 Nf5 44. Rb3 Nd6 45. Nc3 Re8 46. Bd3 g5 47. fxg5 Bxg5
48. Re1 f5 49. g3 Ne4+ 50. Bxe4 fxe4 51. Rg1 Bf6 52. gxh4+ Kh7 53. Ng6 Bxh3 54.
h5 Rg8 55. Ne2 Bf5 56. Nef4 Bc8 57. Rb4 Kh6 58. Rg2 Bf5 59. Ne5 Rxg2+ 60. Kxg2
Kg7 61. Kg3 Bc8 62. h6+ Kh7 63. Nf7 Be7 64. Rb2 Rxa4 65. Kh2 Ra6 66. Rg2 Bf8
67. Rg6 c5 68. Ng5+ Kh8 69. h7 1-0

[Event "Zurich Chess Challenge (rapid) 2015"]
[Site "Zurich SUI"]
[Date "2015.02.19"]
[Round "3"]
[White "Anand, V."]
[Black "Caruana, F."]
[Result "1-0"]
[WhiteElo "2797"]
[BlackElo "2811"]
[PlyCount "43"]
[EventDate "2015.02.19"]

1. d4 d6 2. e4 g6 3. Nc3 Bg7 4. f4 c6 5. Nf3 b5 6. Bd3 Nd7 7. e5 Nb6 8. O-O Nh6
9. a4 b4 10. Ne4 O-O 11. c4 Bg4 12. Nf2 Bf5 13. Bxf5 Nxf5 14. g4 Nh6 15. b3 f5
16. g5 Ng4 17. Nd3 c5 18. h3 h5 19. hxg4 fxg4 20. Nh4 cxd4 21. Nxg6 Qd7 22. a5
1-0